Διδακτική των εικαστικών τεχνών : σύγρονες κατευθύνσεις για το μάθημα : δημοτικό - γυμνάσιο - λύκειο : πρώτο έως δέκατο έτος

Saved in:
Bibliographic Details
Main Author: Daucher, Hans
Other Authors: Seitz, Rudolf, 1934-
Format: Book
Language:Greek
German
Published: Αθήνα : Ελληνικά γράμματα, 2003.
Subjects:
Tags: Add Tag
No Tags, Be the first to tag this record!

MARC

LEADER 00000cam a2200000 i 4500
001 1/70615
008 050304s2003 gr |||||||||||||| ||gre||
020 |a 9604062875 
020 |a 9789604062874 
035 |l 10076280 
040 |a GR-MyUa  |b gre  |e AACR2 
041 1 |a gre  |h ger 
082 7 |a 707   |2 (21)  
100 1 |a Daucher, Hans. 
245 1 0 |a Διδακτική των εικαστικών τεχνών :   |b σύγρονες κατευθύνσεις για το μάθημα : δημοτικό - γυμνάσιο - λύκειο : πρώτο έως δέκατο έτος /   |c Hans Daucher, Rudolf Seitz ; πρόλογος για την ελληνική έκδοση Τιτίκα Σάλλα-Δουκουμετζίδη.  
260 |a Αθήνα :   |b Ελληνικά γράμματα,   |c 2003.  
300 |a 317 σ. :   |b εικ. ;   |c 21 εκ.  
500 |a Το Παράρτημα της Ρόδου διαθέτει την 5η έκδοση, 2010.  
500 |a Μετάφραση του: Didaktik der bildenden Kunst.  
650 0 0 |a Art  |x Study and teaching  |z Germany. 
700 1 |a Seitz, Rudolf,   |d 1934- 
852 |a INST  |b LESVOS  |e 20180913  |h 707 DAU  |p 005100061098  |q 005100061098  |t BK  |y 0 
852 |a INST  |b RHODES  |c EUDOXUS  |e 20110414  |h 707 DAU  |p 005400033059  |q 005400033059  |t EDX  |y 0 
852 |a INST  |b SYROS  |e 20050304  |h 707 DAU  |p 005500005463  |q 005500005463  |t BK  |y 0 
852 |a INST  |b SYROS  |e 20150924  |h 707 DAU  |p 005500012026  |q 005500012026  |t BK  |y 0 
901 |a BIBL5-2005-1 
901 |a BIBL4-2011-1 
920 |a Εύδοξος  |b Επιστροφή  |y Ρόδος  |z 2011-04 
922 |a 5ΕΛΗ  |b 200411  |c 188  |d Πλάστιγγα 
970 |a Τσουκαλά  |b Αλίκη  |z 03/03/2005